Lonely Capital Cities - Statistics

General Stats
  • This quiz has been taken 161 times
  • The average score is 6 of 9
Answer Stats
DISTANCE (km) CLOSEST CAPITAL ISOLATED' CAPITAL % Correct
677 Minsk Moscow
84%
423 Nicosia Ankara
80%
653 Skopje Athens
80%
1058 Dublin Reykjavik
79%
929 Asuncion Brasilia
75%
529 Jerusalem Cairo
75%
486 Guatemala City Mexico City
71%
1460 Gaborone Windhoek
46%
1497 Dakar Praia
45%
No matching quizzes found
Score Distribution
Percent of People with Each Score
Percentile by Number Answered
Your Score History
You have not taken this quiz